| 000 | 00000nam 2200000zi 4500 |
| 001 | 9.936765 |
| 003 | CaOODSP |
| 005 | 20250115122921 |
| 006 | m o d f |
| 007 | cr |n||||||||| |
| 008 | 240321e200207##oncd ob f|0| 0 eng d |
| 040 | |aCaOODSP|beng|erda|cCaOODSP |
| 043 | |an-cnm |
| 086 | 1 |aEn4-707/2002E-PDF |
| 245 | 03|aAn evaluation of the Atlantic Coastal Action Program (ACAP) : |beconomic impact and return on investment / |cprepared by Gardner Pinfold Consulting Economists Limited. |
| 264 | 1|a[Ottawa] : |bEnvironment Canada, |cJuly 2002. |
| 300 | |a1 online resource (1 volume (various pagings)) : |bcharts |
| 336 | |atext|btxt|2rdacontent |
| 337 | |acomputer|bc|2rdamedia |
| 338 | |aonline resource|bcr|2rdacarrier |
| 500 | |aDigitized edition from print [produced by Environment and Climate Change Canada]. |
| 504 | |aIncludes bibliographical references (page 25). |
| 520 | |a"The Atlantic Coastal Action Program (ACAP) is a community-based model of ecosystem management. There are 14 ACAP organizations throughout Atlantic Canada working toward their collective goal of developing local capacity to take responsibility for their own futures. Supporting ACAP projects and programs provides Environment Canada with a unique opportunity to fulfill its departmental mandate in a number of important ways. This report assesses economic impacts, the cost of an alternative delivery approach, and identifies advantages associated with community-based delivery during most of the second phase of ACAP from 1997-2001"--Executive Summary, page i. |
| 610 | 20|aAtlantic Coastal Action Program (Canada)|xEvaluation. |
| 650 | 0|aEnvironmental management|zAtlantic Provinces. |
| 650 | 0|aEnvironmental protection|zAtlantic Provinces. |
| 650 | 6|aEnvironnement|xGestion|zProvinces de l'Atlantique. |
| 650 | 6|aEnvironnement|xProtection|zProvinces de l'Atlantique. |
| 710 | 1 |aCanada. |bEnvironment Canada, |eissuing body. |
| 710 | 2 |aGardner Pinfold Consulting Economists Limited, |econsultant. |
| 856 | 40|qPDF|s68.20 MB|uhttps://publications.gc.ca/collections/collection_2025/eccc/en4/En4-707-2002-eng.pdf |